Hướng dẫn đồ án môn học : Thiết kế cung cấp điện

Nội dung cung cấp hướng dẫn tương đối hoàn chỉnh và chi tiết về một đồ án cấp điện gồm: hướng dẫn thiết kế cung cấp điện, tính toán về an toàn và tính toán về chiếu sáng.

Bewaard in:
Bibliografische gegevens
Hoofdauteur: Phan, Thị Thanh Bình
Formaat: Boek
Taal:Undetermined
Gepubliceerd in: Thành phố Hồ Chí Minh Đại học Quốc gia Thành phố Hồ Chí Minh 2002
Onderwerpen:
Tags: Voeg label toe
Geen labels, Wees de eerste die dit record labelt!
Thư viện lưu trữ: Trung tâm Học liệu Trường Đại học Cần Thơ
LEADER 01130nam a2200229Ia 4500
001 CTU_57051
008 210402s9999 xx 000 0 und d
020 |b 9500 
082 |a 621.31 
082 |b B312 
100 |a Phan, Thị Thanh Bình 
245 0 |a Hướng dẫn đồ án môn học : 
245 0 |b Thiết kế cung cấp điện 
245 0 |c Phan Thị Thanh Bình, Dương Lan Hương, Phan Thị Thu Vân 
260 |a Thành phố Hồ Chí Minh 
260 |b Đại học Quốc gia Thành phố Hồ Chí Minh 
260 |c 2002 
520 |a Nội dung cung cấp hướng dẫn tương đối hoàn chỉnh và chi tiết về một đồ án cấp điện gồm: hướng dẫn thiết kế cung cấp điện, tính toán về an toàn và tính toán về chiếu sáng. 
650 |a Electric engineering,Electric power distribution,Electric apparatus and appliances,Electric power-plants 
650 |x Equipment and supplies 
904 |i QHieu 
980 |a Trung tâm Học liệu Trường Đại học Cần Thơ